000 00602nam a2200229Ia 4500
003 OSt
005 20220924153338.0
006 a|||||r|||| 00| 0
007 ta
008 220923b |||||||| |||| 00| 0 guj d
024 _a348012
037 _cTextual
040 _aARTS
_cARTS
_bguj
041 _2guj
_aguj
082 _aO156,1M81,6, H7
100 _aAardesar Paramji Kahabardar
_9228597
245 0 _aBharatno takar
260 _c1947
650 _aGUJRATI LITERATURE
942 _hO156,1M81,6, H7
_cTEXL
_2CC
999 _c473250
_d473250